Score 0/11 Timer 00:30
8 Plays Today
Question Answer Wrong Answers
Austria Above the equator
86.7%
On the equator
0.7%
Below the equator
1.1%
Australia Below the equator
86.1%
Above the equator
1.7%
On the equator
1.6%
Albania Above the equator
85.4%
On the equator
1.5%
Below the equator
1.2%
Armenia Above the equator
84.5%
On the equator
2.4%
Below the equator
1.4%
Andorra Above the equator
82%
On the equator
2.7%
Below the equator
3.4%
Azerbaijan Above the equator
82%
On the equator
4.1%
Below the equator
1.9%
Afghanistan Above the equator
79.5%
On the equator
7.1%
Below the equator
2%
Argentina Below the equator
77.1%
Above the equator
3.4%
On the equator
8.7%
Algeria Above the equator
69.7%
On the equator
13.4%
Below the equator
5.1%
Antigua and Barbuda Above the equator
59.8%
On the equator
20.4%
Below the equator
7.7%
Angola Below the equator
57.9%
Above the equator
12.7%
On the equator
17.8%

You're not logged in!

Compare scores with friends on all Sporcle quizzes.
OR
Log In

Sporcle TV

Today on Sporcle TV


Watch our educational content, quiz creation guides, and fun videos on Sporcle TV.

Show Comments

Extras

Top Quizzes Today


Score Distribution

Paid Content

Your Account Isn't Verified!

In order to create a playlist on Sporcle, you need to verify the email address you used during registration. Go to your Sporcle Settings to finish the process.

Report this User

Report this user for behavior that violates our Community Guidelines.

Details: